Διδακτικοί πειραματισμοί : εν τοις προτύποις της Μαρασλείου Παιδαγωγικής Ακαδημίας
Αποθηκεύτηκε σε:
| Άλλοι συγγραφείς: | |
|---|---|
| Μορφή: | Βιβλίο |
| Γλώσσα: | Greek |
| Δημοσίευση: |
Αθήναι :
Αλικιώτης,
[19--]
|
| Θέματα: | |
| Ετικέτες: |
Προσθήκη ετικέτας
Δεν υπάρχουν, Καταχωρήστε ετικέτα πρώτοι!
|
MARC
| LEADER | 00000cam a2200000 i 4500 | ||
|---|---|---|---|
| 001 | 1/44028 | ||
| 008 | 140310s gre d | ||
| 035 | |l 10117049 | ||
| 040 | |a GR-MY-UA |b gre |e aacr | ||
| 041 | 0 | |a gre | |
| 082 | 0 | |a 370.1 |2 (22) | |
| 245 | 1 | 0 | |a Διδακτικοί πειραματισμοί : |b εν τοις προτύποις της Μαρασλείου Παιδαγωγικής Ακαδημίας / |c επιμέλεια: Γεώργιος Ν. Παλαιολόγου |
| 260 | |a Αθήναι : |b Αλικιώτης, |c [19--] | ||
| 300 | |a 214 σ.; |b φωτ.; |c 22 εκ. | ||
| 504 | |a Περιλαμβάνει βιβλιογραφικές παραπομπές | ||
| 650 | 0 | 0 | |a Education |x Experimental methods. |
| 700 | 1 | |4 edt |a Παλαιολόγος, Γεώργιος, |d 1892-1965. | |
| 852 | |a INST |b RHODES |c AKA |e 20140310 |h 370.1 ΔΙΔ |p 005400032110 |q 005400032110 |t BK |y 0 | ||
| 901 | |a BIBL4-2014-1 | ||
| 909 | |a Ρ |b 157187 | ||
| 922 | |a 4ΕΛΗ | ||
| 970 | |z 2014/03/10 | ||